000 00582nam a2200157 a 4500
001 000028301
005 20240304103305.0
008 110407s2005 dr a 000 0 spa d
040 _aDO-SdBNP
_bspa
_cBNPHU
082 _axxx
_bR426b
110 1 _aRepública Dominicana.
_b Secretaría de Estado de Medio Ambiente y Recursos Naturales
_914503
245 1 3 _aLa biodiversidad en la República Dominicana visión para el año 2025.
260 _aSanto Domingo :
_bSecretaría de Estado de Medio Ambiente y Recursos Naturales,
_c2005.
300 _a44 p. :
_bil. ;
_c21 cm.
049 _aBNPD
999 _c27793
_d27793